LEADER 01197nam a2200277 i 4500 001 000000047501 003 CaOOAMICUS 005 20091005000000.0 008 091005s1992 it u000 u ita u 013 $a18671 020 $a88-209-1771-8 040 $aSeMil$bita 245 13$aLa crisi jugoslava :$bposizione e azione della Santa Sede (1991-1992) 260 $aCittą del Vaticano :$bLibreria Editrice Vaticana,$c1992. 300 $a94 p. ;$c21 cm. 490 0 $aQuaderni de L'Osservatore Romano ;$v18 500 $aFondo Conti. 650 4$aJugoslavia.$0(OLS)http://semarc/subject/6848 650 4$aSanta Sede - Diritto internazionale.$0(OLS)http://semarc/subject/4517 830 0$aQuaderni de L'Osservatore Romano ;$v18.$0(OLS)http://semarc/title/372 850 $aSeMil 852 $aSeMil$W1$xVenegono$y1$m2A V 293$j13656$B13656$CSeMilBibl$Z2$F13656 $81 961 $aOmaggio: Conti Franco 996 $6020$a88-209-1771-8$9(OLS)http://semarc/number/20221 996 $6245$aLa crisi jugoslava :$bposizione e azione della Santa Sede (1991-1992)$9(OLS)http://semarc/title/71591 996 $6260$aCittą del Vaticano :$bLibreria Editrice Vaticana$9(OLS)http://semarc/publisher/29734 LEADER 01010nam a2200241 i 4500 001 000000119270 003 CaOOAMICUS 005 20040610000000.0 008 040610s1966 it u000 u ita u 013 $a91963 040 $aSeMil$bita 100 1 $aMantegna, Andrea <1431-1506>.$0(OLS)http://semarc/name/25658 245 10$aMantegna /$cFranca Zava Boccazzi. 260 $aFirenze :$bSadea Sansoni,$ccopyr. 1966. 300 $a39 p., 79 p. di tav. :$bill. ;$c18 cm. 490 0 $aI diamanti dell'arte : biblioteca di pittura, scultura e architettura ;$v21 600 14$aMantegna, Andrea.$0(OLS)http://semarc/subject/10696 700 1 $aZava Boccazzi, Franca.$0(OLS)http://semarc/name/49747 830 2$aI diamanti dell'arte ;$v21.$0(OLS)http://semarc/title/15551 850 $aSeMil 852 $aSeMil$W1$xVenegono$y1$m5P I 56$j74501$B74501$CSeMilBibl$Z2$F83751 $81 996 $6245$aMantegna$9(OLS)http://semarc/title/175262 996 $6260$aFirenze :$bSadea Sansoni$9(OLS)http://semarc/publisher/33238